[Event "Bodensee op Seniors"]
[Site "Bregenz"]
[Date "2016.05.04"]
[Round "5"]
[White "Guller, Andras"]
[Black "Kelecevic, Nedeljko"]
[Result "1/2-1/2"]
[WhiteElo "2006"]
[BlackElo "2227"]
[PlyCount "38"]
[EventDate "2016.04.30"]
[EventType "swiss"]
[EventRounds "9"]
[EventCountry "AUT"]
[SourceTitle "CBM 172 Extra"]
[Source "ChessBase"]
[SourceDate "2016.06.21"]
[SourceVersion "1"]
[SourceVersionDate "2016.06.21"]
[SourceQuality "1"]

1. e4 e6 2. d4 d5 3. Nd2 Nc6 4. Ngf3 Nf6 5. e5 Nd7 6. Bb5 a6 7. Bxc6 bxc6 8. 0-0 c5 9. Re1 cxd4 10. Nxd4 c5 11. N4f3 Be7 12. Nf1 Bb7 13. Ng3 h5 14. h3 Nf8 15. c3 h4 16. Nf1 a5 17. Qa4+ Qd7 18. Qg4 Ng6 19. Bg5 Rd8 1/2-1/2

[Event "Bodensee op Seniors"]
[Site "Bregenz"]
[Date "2016.05.01"]
[Round "2"]
[White "Kelecevic, Nedeljko"]
[Black "Rigg, Hans"]
[Result "1-0"]
[WhiteElo "2227"]
[BlackElo "1986"]
[PlyCount "81"]
[EventDate "2016.04.30"]
[EventType "swiss"]
[EventRounds "9"]
[EventCountry "AUT"]
[SourceTitle "CBM 172 Extra"]
[Source "ChessBase"]
[SourceDate "2016.06.21"]
[SourceVersion "1"]
[SourceVersionDate "2016.06.21"]
[SourceQuality "1"]

1. d4 Nf6 2. c4 g6 3. Nc3 d5 4. cxd5 Nxd5 5. Bd2 Bg7 6. e4 Nxc3 7. Bxc3 0-0 8. Rc1 c5 9. dxc5 Qxd1+ 10. Kxd1 Rd8+ 11. Ke1 Be6 12. Bxg7 Kxg7 13. Nf3 Bxa2 14. Bc4 Bxc4 15. Rxc4 Nc6 16. Ke2 Rd7 17. Rd1 Rad8 18. Rxd7 Rxd7 19. Ke3 e5 20. g4 h6 21. h4 f6 22. Rc2 Kf7 23. h5 g5 24. Rd2 Rxd2 25. Nxd2 Nd4 26. Kd3 Ke6 27. b4 a6 28. Nc4 Kd7 29. Ne3 Ke6 30. Kc4 Ke7 31. Kd5 Kd7 32. Kc4 Ke6 33. Kc3 Ke7 34. Kb2 Ke6 35. Ka3 Nb5+ 36. Kb3 Kf7 37. Nf5 Kf8 38. Kc4 Kf7 39. Nxh6+ Kf8 40. Nf5 Kg8 41. Nd6 1-0

[Event "Martigny op 24th"]
[Site "Martigny"]
[Date "2015.08.01"]
[Round "2"]
[White "Delacroix, Jean Daniel"]
[Black "Kelecevic, Nedeljko"]
[Result "1/2-1/2"]
[WhiteElo "2001"]
[BlackElo "2254"]
[PlyCount "34"]
[EventDate "2015.07.31"]
[EventType "swiss"]
[EventRounds "7"]
[EventCountry "SUI"]
[SourceTitle "EXT 2017"]
[Source "ChessBase"]
[SourceDate "2016.10.25"]
[SourceVersion "1"]
[SourceVersionDate "2016.10.25"]
[SourceQuality "1"]

1. e4 c5 2. Nf3 e6 3. c3 d5 4. exd5 Qxd5 5. d4 Nf6 6. Bd3 Nc6 7. 0-0 cxd4 8. cxd4 Be7 9. Nc3 Qd8 10. a3 0-0 11. Bc2 b6 12. Qd3 g6 13. Re1 Bb7 14. Bh6 Re8 15. Rad1 Rc8 16. h4 a6 17. Bb1 b5 1/2-1/2

[Event "SUI-ch op"]
[Site "Leukerbad"]
[Date "2015.07.16"]
[Round "8"]
[White "Zueger, Beat"]
[Black "Kelecevic, Nedeljko"]
[Result "1/2-1/2"]
[WhiteElo "2402"]
[BlackElo "2250"]
[PlyCount "26"]
[EventDate "2015.07.09"]
[EventType "swiss"]
[EventRounds "9"]
[EventCountry "SUI"]
[SourceTitle "EXT 2019"]
[Source "ChessBase"]
[SourceDate "2018.10.10"]
[SourceVersion "1"]
[SourceVersionDate "2018.10.10"]
[SourceQuality "1"]

1. d4 Nf6 2. Nf3 e6 3. g3 d5 4. Bg2 b5 5. 0-0 Bb7 6. Bg5 c5 7. Nbd2 Nbd7 8. e4 dxe4 9. Ne5 cxd4 10. Nxd7 Qxd7 11. Bxf6 gxf6 12. Bxe4 f5 13. Bxb7 Qxb7 1/2-1/2

[Event "SUI-ch op"]
[Site "Leukerbad"]
[Date "2015.07.14"]
[Round "6"]
[White "Miezis, Normunds"]
[Black "Kelecevic, Nedeljko"]
[Result "1-0"]
[WhiteElo "2508"]
[BlackElo "2250"]
[PlyCount "77"]
[EventDate "2015.07.09"]
[EventType "swiss"]
[EventRounds "9"]
[EventCountry "SUI"]
[SourceTitle "EXT 2019"]
[Source "ChessBase"]
[SourceDate "2018.10.10"]
[SourceVersion "1"]
[SourceVersionDate "2018.10.10"]
[SourceQuality "1"]

1. c4 e6 2. e4 d5 3. exd5 exd5 4. d4 Nf6 5. Nc3 Be7 6. Nf3 0-0 7. Be2 Be6 8. cxd5 Nxd5 9. 0-0 Nd7 10. Bd3 Re8 11. Re1 c6 12. Ne4 Bg4 13. h3 Bxf3 14. Qxf3 Nf8 15. Nc3 Nb6 16. Be3 Bg5 17. Ne4 Bxe3 18. fxe3 Qe7 19. Re2 Rad8 20. Rf1 Nd5 21. h4 Ne6 22. Ref2 Rd7 23. Qg3 Rf8 24. h5 h6 25. Rf5 Kh8 26. Re5 Qd8 27. Qf3 Re8 28. a3 a6 29. b4 Rde7 30. Bb1 Nf8 31. Rf5 f6 32. Re1 a5 33. b5 cxb5 34. Rc1 b4 35. axb4 axb4 36. Rf1 Nc3 37. Nxf6 Rxe3 38. Nxe8 Rxf3 39. Rxf8+ 1-0

[Event "SUI-ch op"]
[Site "Leukerbad"]
[Date "2015.07.12"]
[Round "4"]
[White "Saikrishnan, Sai"]
[Black "Kelecevic, Nedeljko"]
[Result "0-1"]
[WhiteElo "1994"]
[BlackElo "2250"]
[PlyCount "84"]
[EventDate "2015.07.09"]
[EventType "swiss"]
[EventRounds "9"]
[EventCountry "SUI"]
[SourceTitle "EXT 2019"]
[Source "ChessBase"]
[SourceDate "2018.10.10"]
[SourceVersion "1"]
[SourceVersionDate "2018.10.10"]
[SourceQuality "1"]

1. d4 Nf6 2. c4 e6 3. Nf3 Bb4+ 4. Nbd2 0-0 5. e3 d6 6. Qc2 Qe7 7. Be2 e5 8. dxe5 dxe5 9. e4 Bg4 10. 0-0 Bxd2 11. Bxd2 c5 12. Bc3 Bxf3 13. Bxf3 Nc6 14. Rfd1 Rac8 15. Rac1 Rc7 16. a3 b6 17. Qe2 Nd4 18. Bxd4 cxd4 19. Rd2 a5 20. Qd1 Nd7 21. Be2 Nc5 22. Bd3 a4 23. Bc2 Ra7 24. Re2 Qg5 25. Re1 g6 26. g3 h5 27. h4 Qe7 28. Kg2 Kg7 29. Qf3 Rd8 30. Bd3 Rc7 31. Qe2 Rdc8 32. Rc2 Rc6 33. f3 R8c7 34. Rf1 Qe6 35. Rfc1 Qc8 36. f4 f6 37. f5 Nxd3 38. Qxd3 b5 39. c5 Rxc5 40. Rxc5 Rxc5 41. Rf1 Rc2+ 42. Kh3 Rxb2 0-1

[Event "SUI-ch op"]
[Site "Leukerbad"]
[Date "2015.07.10"]
[Round "2"]
[White "Buss, Ralph"]
[Black "Kelecevic, Nedeljko"]
[Result "0-1"]
[WhiteElo "2379"]
[BlackElo "2250"]
[PlyCount "60"]
[EventDate "2015.07.09"]
[EventType "swiss"]
[EventRounds "9"]
[EventCountry "SUI"]
[SourceTitle "EXT 2019"]
[Source "ChessBase"]
[SourceDate "2018.10.10"]
[SourceVersion "1"]
[SourceVersionDate "2018.10.10"]
[SourceQuality "1"]

1. Nf3 Nf6 2. c4 c5 3. Nc3 Nc6 4. g3 d5 5. d4 cxd4 6. Nxd4 dxc4 7. Nxc6 Qxd1+ 8. Nxd1 bxc6 9. Bg2 Nd5 10. Ne3 Ba6 11. Nxd5 cxd5 12. Bxd5 Rc8 13. Bd2 e6 14. Bf3 Be7 15. Bc3 Bf6 16. Bxf6 gxf6 17. 0-0-0 Ke7 18. Rd4 Rc5 19. Rhd1 Bb5 20. Rh4 h6 21. Rh5 Re5 22. Rd4 f5 23. Kd2 Ba6 24. Kc3 Ra5 25. g4 Rb8 26. gxf5 Rxa2 27. f6+ Kxf6 28. Rd7 Rb3+ 29. Kd4 c3 30. Be4 Ra4+ 0-1